000 00328nam a22001457a 4500
003 SGT
020 _a9781107644403
082 _a426.59,ESO
100 _aESOL,CAMBRIDGE
245 _aCAMBRIDGE ENGLISH IELTS9
260 _aNEW DELHI
_bCAMBRIDGE UNIVERSITY
_c2013
300 _a176
650 _aENGLISH
942 _2ddc
_cBK
_09
999 _c18357
_d18357